Origin of sedimentary rocks / (Record no. 55354)
[ view plain ]
| 000 -LEADER | |
|---|---|
| fixed length control field | 00777nam a2200253 a 4500 |
| 001 - CONTROL NUMBER | |
| control field | 55354 |
| 003 - CONTROL NUMBER IDENTIFIER | |
| rucl marc code | BD-RjUL |
| 005 - DATE AND TIME OF LATEST TRANSACTION | |
| control field | 20211209080243.0 |
| 008 - FIXED-LENGTH DATA ELEMENTS--GENERAL INFORMATION | |
| fixed length control field | 161117s1972 njua b 001 0 eng |
| 020 ## - INTERNATIONAL STANDARD BOOK NUMBER | |
| International Standard Book Number | 0136427022 |
| 035 ## - SYSTEM CONTROL NUMBER | |
| System control number | (BD-RjUL)55476 |
| 040 ## - CATALOGING SOURCE | |
| Original cataloging agency | DLC |
| Transcribing agency | DLC |
| Modifying agency | BD-RjUL |
| Language of cataloging | eng |
| 041 ## - LANGUAGE CODE | |
| Language code of text/sound track or separate title | eng |
| 082 00 - DEWEY DECIMAL CLASSIFICATION NUMBER | |
| Edition number | 23 |
| Classification number | 552.5 |
| Author mark and year | BLO 1972 |
| 100 1# - MAIN ENTRY--PERSONAL NAME | |
| Personal name | Blatt, Harvey. |
| 9 (RLIN) | 119145 |
| 245 10 - TITLE STATEMENT | |
| Title | Origin of sedimentary rocks / |
| Statement of responsibility, etc. | by Harvey Blatt, Gerard Middleton and Raymond Murray. |
| 260 ## - PUBLICATION, DISTRIBUTION, ETC. (IMPRINT) | |
| Place of publication, distribution, etc. | Englewood Cliffs, N.J : |
| Name of publisher, distributor, etc. | Prentice-Hall, |
| Date of publication, distribution, etc. | 1972. |
| 300 ## - PHYSICAL DESCRIPTION | |
| Pagination | xix, 634 p. : |
| Illustrations | illus. ; |
| Size | 24 cm. |
| 504 ## - BIBLIOGRAPHY, ETC. NOTE | |
| Bibliography, etc | Includes bibliographies. |
| 650 #0 - SUBJECT ADDED ENTRY--TOPICAL TERM | |
| Topical term or geographic name as entry element | Sedimentary rocks. |
| 9 (RLIN) | 165097 |
| 700 1# - ADDED ENTRY--PERSONAL NAME | |
| Personal name | Middleton, Gerard V., |
| Personal name | Murray, Raymond C., |
| 942 ## - ADDED ENTRY ELEMENTS (KOHA) | |
| Source of classification or shelving scheme | Dewey Decimal Classification |
| Koha item type | Books |
| Lost status | Source of classification or shelving scheme | Damaged status | Not for loan | Collection code | Permanent Location | Current Location | Shelving location | Date acquired | Source of acquisition | Cost, normal purchase price | Total Checkouts | Full call number | Date last seen | Copy number | Koha item type |
|---|---|---|---|---|---|---|---|---|---|---|---|---|---|---|---|
| Dewey Decimal Classification | Non-fiction | Central Library, University of Rajshahi | Central Library, University of Rajshahi | 16/10/1984 | Tulip | 43.00 | 552.5 BLO 1972 | 17/11/2016 | C-2 | Books | |||||
| Dewey Decimal Classification | Not For Loan | Non-fiction | Central Library, University of Rajshahi | Central Library, University of Rajshahi | Reading Room | 16/10/1984 | Toppan & Tulip | 43.95 | 552.5 BLO 1972 | 15/01/2019 | C-1 | Books |